| 000 | 01100nam a2200241 a 4500 | ||
|---|---|---|---|
| 003 | OSt | ||
| 005 | 20150408114121.0 | ||
| 008 | 130226s2013 ku g b 000 0 ara d | ||
| 020 | _a9789957176457 | ||
| 040 | _aMa-Un | ||
| 082 | 0 | 4 |
_a342.06 _bأ ن س _221 |
| 100 | 1 |
_921827 _aأولاد ودير، ناصر بن ودير بن صالح. |
|
| 110 |
_d2012 : _cعمان، الأردن). _921857 |
||
| 245 | 1 | 2 |
_aالسلبية في القرارات الإدارية : _bدراسة قانونية مقارنة في القانون العماني والمصري والفرنسي / _cناصر بن ودير بن صالح أولاد ودير. |
| 250 | _aط. 1. | ||
| 260 |
_aالصفاة، الكويت : _bمكتبة الفلاح للنشر والتوزيع، _c2013 _m1434. |
||
| 300 |
_a184 ص. ؛ _c24 سم. |
||
| 504 | _aببليوجرافية : ص. 181-184. | ||
| 650 | 7 |
_aالقانون الإداري _zعمان (سلطنة) _2aucsh _921905 |
|
| 650 | 7 |
_aالقانون الإداري _zمصر _2aucsh _915051 |
|
| 650 | 7 |
_aالقانون الإداري _zفرنسا _2aucsh _921906 |
|
| 942 |
_2ddc _cBOOK |
||
| 999 |
_c28323 _d262823 |
||